Statistics for Top 12 Dallas Mavericks of All-Time

Click here to take the quiz!

General Stats

  • This quiz has been taken 167 times
    (70 since last reset)
  • The average score is 7 of 12

Answer Stats

#PlayerWin Shares% Correct
1Dirk Nowitzki206.3
100%
9Luka Dončić43.3
98%
12Jason Kidd39.0
91%
10Steve Nash42.7
82%
4Jason Terry60.5
65%
7Mark Aguirre49.0
62%
2Rolando Blackman70.3
62%
5Michael Finley58.4
52%
8Dwight Powell44.7
46%
3Derek Harper65.8
32%
11Sam Perkins41.8
17%
6Brad Davis52.1
15%

Score Distribution

Percentile by Number Answered

Percent of People with Each Score

Your Score History

You have not taken this quiz since the last reset